|
|
|
|
| LEADER |
00860nam a2200229 a 4500 |
| 001 |
00026609 |
| 008 |
130203r1987 enkab 000 0 eng d |
| 010 |
|
|
|a 42003598
|
| 020 |
|
|
|a 0140233237
|
| 040 |
|
|
|a DLC
|c ODaWU
|d OCoLC
|d DLC
|d BD-DhAAL
|
| 082 |
|
|
|a 942
|2 22
|
| 100 |
1 |
|
|a Trevelyan, George Macaulay,
|d 1876-1962.
|
| 245 |
1 |
2 |
|a A shortened history of England /
|c George Macaulay Trevelyan
|
| 260 |
|
|
|a London :
|b Penguin Books,
|c 1987.[reprinted]
|
| 300 |
|
|
|a xiv, 603 p. ;
|c 20 cm.
|
| 541 |
1 |
|
|e 00026609
|
| 650 |
|
0 |
|a Great Britain
|x History
|
| 700 |
1 |
|
|a Dunham, William Huse,
|d 1901-
|
| 852 |
1 |
|
|a Ayesha Abed Library
|j General Shelf.
|
| 942 |
0 |
0 |
|0 1
|
| 999 |
|
|
|c 13154
|d 13154
|
| 952 |
|
|
|0 0
|1 0
|2 ddc
|4 0
|6 942_000000000000000_TRE
|7 0
|9 21895
|a BRACUL
|b BRACUL
|c GEN
|d 2013-02-03
|e Trim Education
|g 8975.00
|l 8
|m 53
|o 942 TRE
|p 3010026609
|r 2026-03-05
|s 2025-10-27
|t 1
|w 2013-02-03
|y BK
|